| 000 | 00801nam a2200265 i 4500 | ||
|---|---|---|---|
| 001 | bg | ||
| 100 | 1 |
_aSmyczyński, Tadeusz _d(1938- ). |
|
| 245 | 1 | 0 |
_aPrawo rodzinne i opiekuńcze / _cTadeusz Smyczyński. |
| 260 |
_aWarszawa : _bC. H. Beck, _c1997. |
||
| 300 |
_aXVIII, [2], 242 s. ; _c21 cm. |
||
| 490 | 1 | _aPodręczniki Prawnicze | |
| 504 | _aBibliogr. s. XVII-[XIX] i przy rozdz. - Indeks. | ||
| 650 | 9 |
_aPrawo rodzinne _zPolska _ystan na 1996 r. |
|
| 655 | _aPodręczniki akademickie | ||
| 830 | _aPodręczniki Prawnicze | ||
| 020 | _a8371100701 | ||
| 020 | _a3406423426 (Niemcy) | ||
| 040 | _cBPK | ||
| 041 | 0 | _apol | |
| 080 | _a347.61/.64(438)(075.8) | ||
| 920 | _a83-7110-070-1 | ||
| 920 | _a3-406-42342-6 (Niemcy) | ||
| 942 | _cKS | ||
| 008 | s pl f |000 0 pol | ||
| 999 |
_c33703 _d33703 |
||
| 856 |
_uhttp://koha.tu.koszalin.pl/cgi-bin/koha/opac-detail.pl?biblionumber=33703 _yKatalog online BPK |
||